| 000 | 00519nam a22001817a 4500 | ||
|---|---|---|---|
| 005 | 20170823123235.0 | ||
| 010 | _aENG-120003 | ||
| 020 |
_c295.00 _a9788171501342 |
||
| 035 | _aEN-103535 | ||
| 037 | _bDBAD/PUB | ||
| 082 | _a808.882 | ||
| 100 | _aSingh, S.R. | ||
| 245 |
_aHandbook of quotations for students / _cby S.R. Singh |
||
| 260 |
_aDelhi _bIndraprastha Prakashan _c2015 |
||
| 270 |
_aK-71, Krishna Nagar, _bDelhi _e110051 |
||
| 300 |
_a112p. _c22cm(Hb) |
||
| 942 |
_2ddc _cEN _h808.882 _mSIN |
||
| 999 |
_c143693 _d143693 |
||